000 00315nam a22001337a 4500
008 170321b xxu||||| |||| 00| 0 eng d
020 _a9780721607894
041 _aeng
080 _23RD
_a616.12-008-073
100 _a7
101 _aSHM
245 _aTEXTBOOK OF CLINICAL ECHOCARDIOGRAPHY
_cOTTO
942 _2udc
_cBK
999 _c8287
_d8287